| 000 -LEADER |
| fixed length control field |
01791nam a2200205Ia 4500 |
| 001 - CONTROL NUMBER |
| control field |
7940 |
| 003 - CONTROL NUMBER IDENTIFIER |
| control field |
GE_BSU |
| 008 - FIXED-LENGTH DATA ELEMENTS--GENERAL INFORMATION |
| fixed length control field |
181216s||||||||xx |||||||||||||| ||und|| |
| 040 ## - CATALOGING SOURCE |
| Transcribing agency |
GE_BSU |
| 245 ## - TITLE STATEMENT |
| Title |
გადასახადები.№8-9, 2013. |
| 245 ## - TITLE STATEMENT |
| Remainder of title |
ოფიციალური დოკუმენტები,დაბეგვრის თეორია და მეთოდოლოგია,დაბეგვრის პრაქტიკა,ფინანსები,აღრიცხვა და აუდიტი,ცვლილებები საფადასახადო და საბაჟო კანონმდებლობაში კომენტარებით, კითხვა-პასუხები. |
| 245 ## - TITLE STATEMENT |
| Statement of responsibility, etc. |
მთ.რედ.დავით ჯალაღონია,რედ.მადონა გელაშვილი. |
| 260 ## - PUBLICATION, DISTRIBUTION, ETC. |
| Place of publication, distribution, etc. |
თბილისი. |
| 300 ## - PHYSICAL DESCRIPTION |
| Extent |
96გვ;29სმ. |
| 520 ## - SUMMARY, ETC. |
| Summary, etc. |
რეფერირებადი და რეცენზირებადი სამეცნიერო-პრაქტიკული ჟურნალი |
| 653 ## - INDEX TERM--UNCONTROLLED |
| Uncontrolled term |
გადასახადები |
| 653 ## - INDEX TERM--UNCONTROLLED |
| Uncontrolled term |
ოფიციალური დოკუმენტები,დაბეგვრის თეორია და მეთოდოლოგია,დაბეგვრის პრაქტიკა,ფინანსები,აღრიცხვა და აუდიტი,ცვლილებები საფადასახადო და საბაჟო კანონმდებლობაში კომენტარებით, კითხვა-პასუხები. |
| 653 ## - INDEX TERM--UNCONTROLLED |
| Uncontrolled term |
პერიოდიკა |
| 942 ## - ADDED ENTRY ELEMENTS (KOHA) |
| Koha item type |
პერიოდიკა |